Normal view
MARC view
Entry Personal Name
001 - CONTROL NUMBER
- control field: 59995
003 - CONTROL NUMBER IDENTIFIER
- control field: dpl
005 - DATE AND TIME OF LATEST TRANSACTION
- control field: 20231219173226.0
008 - FIXED-LENGTH DATA ELEMENTS
- fixed length control field: 231219|| aca||aabn | a|a d
040 ## - CATALOGING SOURCE
- Original cataloging agency: dpl
- Transcribing agency: dpl
100 ## - HEADING--PERSONAL NAME
- Personal name: Dandapani, S
670 ## - SOURCE DATA FOUND
- Source citation: Work cat.: (dpl)199702: Babu, A.Ram 59994, Microteaching/, 2021
